The composition of the Pentateuch : (Record no. 38219)
[ view plain ]
| 000 -LEADER | |
|---|---|
| fixed length control field | 01612nam a22003375 4500 |
| 001 - CONTROL NUMBER | |
| control field | 747385712 |
| 003 - CONTROL NUMBER IDENTIFIER | |
| control field | OSt |
| 005 - DATE AND TIME OF LATEST TRANSACTION | |
| control field | 20150423155500.0 |
| 008 - FIXED-LENGTH DATA ELEMENTS--GENERAL INFORMATION | |
| fixed length control field | 110816s2012 ctu b 001 0 eng |
| 010 ## - LIBRARY OF CONGRESS CONTROL NUMBER | |
| LC control number | 2011034207 |
| 020 ## - INTERNATIONAL STANDARD BOOK NUMBER | |
| International Standard Book Number | 9780300152630 |
| 020 ## - INTERNATIONAL STANDARD BOOK NUMBER | |
| International Standard Book Number | 0300152639 |
| 041 1# - LANGUAGE CODE | |
| Language code of text/sound track or separate title | eng |
| -- | heb |
| Language code of original and/or intermediate translations of text | heb |
| 042 ## - AUTHENTICATION CODE | |
| Authentication code | pcc |
| 100 1# - MAIN ENTRY--PERSONAL NAME | |
| Personal name | Baden, Joel S., |
| Dates associated with a name | 1977- |
| 245 14 - TITLE STATEMENT | |
| Title | The composition of the Pentateuch : |
| Remainder of title | renewing the documentary hypothesis / |
| Statement of responsibility, etc | Joel S. Baden. |
| 260 ## - PUBLICATION, DISTRIBUTION, ETC. (IMPRINT) | |
| Place of publication, distribution, etc | New Haven : |
| Name of publisher, distributor, etc | Yale University Press, |
| Date of publication, distribution, etc | c2012. |
| 300 ## - PHYSICAL DESCRIPTION | |
| Extent | x, 378 p. ; |
| Dimensions | 25 cm. |
| 336 ## - CONTENT TYPE | |
| Source | rdacontent |
| Content Type Term | text |
| 337 ## - MEDIA TYPE | |
| Source | rdamedia |
| Media Type Term | unmediated |
| 338 ## - CARRIER TYPE | |
| Source | rdacarrier |
| Carrier Type Term | volume |
| 490 1# - SERIES STATEMENT | |
| Series statement | The Anchor Yale Bible reference library. |
| 504 ## - BIBLIOGRAPHY, ETC. NOTE | |
| Bibliography, etc | Includes bibliographical references and indexes. |
| 505 0# - FORMATTED CONTENTS NOTE | |
| Formatted contents note | The sale of Joseph, Genesis 37:18-36 -- The documentary hypothesis. The sale of Joseph, Genesis 37:18-36 -- Continuity; the J source. A complaint in the wilderness, Numbers 11 -- Coherence: the E source -- Complementarity: the D source. The revolt in the wilderness, Numbers 16 -- Completeness: the P source. The Israelites at the sea, Exodus 14 -- Compilation: the combining of the sources. Jacob returns to Bethel, Genesis 35 -- Renewing the documentary hypothesis. |
| 546 ## - LANGUAGE NOTE | |
| Language note | Includes text of the Pentateuch in Hebrew and English. |
| 630 00 - SUBJECT ADDED ENTRY--UNIFORM TITLE | |
| Uniform title | Bible. |
| Name of part/section of a work | O.T. |
| -- | Pentateuch |
| General subdivision | Criticism, Redaction. |
| 630 00 - SUBJECT ADDED ENTRY--UNIFORM TITLE | |
| Uniform title | Bible. |
| Name of part/section of a work | O.T. |
| -- | Pentateuch |
| General subdivision | Criticism, interpretation, etc. |
| 650 #0 - SUBJECT ADDED ENTRY--TOPICAL TERM | |
| Topical term or geographic name as entry element | Documentary hypothesis (Pentateuchal criticism) |
| 830 #0 - SERIES ADDED ENTRY--UNIFORM TITLE | |
| Uniform title | Anchor Yale Bible reference library. |
| 942 ## - ADDED ENTRY ELEMENTS (KOHA) | |
| Source of classification or shelving scheme | Library of Congress Classification |
| Item type | Books |
| Withdrawn status | Lost status | Source of classification or shelving scheme | Damaged status | Not for loan | Home library | Current library | Shelving location | Date acquired | Source of acquisition | Cost, normal purchase price | Inventory number | Total Checkouts | Full call number | Barcode | Date last seen | Price effective from | Koha item type |
|---|---|---|---|---|---|---|---|---|---|---|---|---|---|---|---|---|---|
| Library of Congress Classification | BSOP Library | BSOP Library | GC | 04/23/2015 | Amazon | 2834.55 | 37043 | BS1225.2 B14c 2012 | 00045143 | 04/23/2015 | 04/23/2015 | Books |
